000
00373nam a2200145Ia 4500
008
231129s1995||||xx |||||||||||||| ||spa||
020
_a
968-880-245-X
040
_b
spa
082
_a
547 W119q
100
_a
Wade L.G
245
0
_a
Quimica organica
260
_c
1995
264
_a
Prentice-Hall Hispanoamericana
942
_2
ddc
_c
BKS
999
_c
23659
_d
23659